| 000 | 00313nam a22001217a 4500 | ||
|---|---|---|---|
| 082 |
_a425 _bDAS/E |
||
| 100 | _aSHIV DAS | ||
| 245 |
_aCBSE PAST YEAR QUESTION PAPERS ENGLISH (CORE) _bCLASS XII |
||
| 260 |
_aDELHI _bSHIV DAS & SONS |
||
| 300 | _a94 | ||
| 650 |
_aENGLISH QUESTION PAPER FOR CLASS XII _zINDIA |
||
| 942 | _cBK | ||
| 999 |
_c591 _d591 |
||